000 00462nam a2200169 a 4500
001 0000-8846
003 ELIB.Books
008 110520 1957
035 _a(ELIB.Books)0000-8992
082 _a220.13
_bYou
100 _aYoung, Edward J.
245 _aThy Word is truth
260 _bGrand Rapids: Wm. B. Eerdmans Publishing Co.
_c1957
650 _aBible - Inspiration
942 _2ddc
_cBK
998 _cbat
_e2011-05-20
_mcat
_u2019-07-18
999 _c8846
_d8846